LIBRARY & INFORMATION CENTRE, KCAET, TAVANUR

ONLINE PUBLIC ACCESS CATALOGUE (OPAC)

Evaluation of aquifer parameters from drawdown data in borewells (Record no. 15192)

MARC details
000 -LEADER
fixed length control field 00643nam a22001937a 4500
003 - CONTROL NUMBER IDENTIFIER
control field OSt
088 ## - REPORT NUMBER
Report number P 143
100 ## - MAIN ENTRY--AUTHOR NAME
Personal name CHITHRA G
245 ## - TITLE STATEMENT
Title Evaluation of aquifer parameters from drawdown data in borewells
260 ## - PUBLICATION, DISTRIBUTION, ETC. (IMPRINT)
Place of publication Tavanur 2004
Name of publisher Kelappaji College of Agricultural Engineering and Technology
300 ## - PHYSICAL DESCRIPTION
Number of Pages 56
500 ## - GENERAL NOTE
General note Evaluation of aquifer parameters from drawdown data in borewells
520 ## - SUMMARY, ETC.
Summary, etc Evaluation of aquifer parameters from drawdown data in borewells
700 ## - ADDED ENTRY--PERSONAL NAME
Personal name Gentle Jose
700 ## - ADDED ENTRY--PERSONAL NAME
Personal name Manju K. Moni
700 ## - ADDED ENTRY--PERSONAL NAME
Personal name Er. Levan K. V (Guide)
942 ## - ADDED ENTRY ELEMENTS (KOHA)
Koha item type Project Report
Holdings
Collection code Home library Current library Shelving location Full call number Accession Number Koha item type
Reference KAUAET KAUAET Reference 631.587 CHI/EV P 143 Project Report
free website counter